000 00389nam a2200169Ia 4500
100 _aBruegge/Bernd
650 _aSoftware Engineering
250 _a2
942 _cBK
366 _f25
654 _asoftware engineering
245 _aObject oriented Software Engineering using UML
260 _bPearson Education
_c2004
082 _a5.11
_bBRU
300 _a802
546 _aENGLISH
999 _c24611
_d24611